Роль агрохимической службы в модернизации сельскохозяйственного производства и обеспечении продовольственной безопасности Российской Федерации (Запись № 12109669)

Подробности
000 -МАРКЕР
контрольное поле 01721nam0a2200301 i 4500
001 - ИДЕНТИФИКАТОР ЗАПИСИ
контрольное поле RU\NLR\BIBL_A\011238650
005 - ИДЕНТИФИКАТОР ВЕРСИИ
контрольное поле 20260405053005.0
010 ## - МЕЖДУНАРОДНЫЙ СТАНДАРТНЫЙ НОМЕР КНИГИ (ISBN)
Номер (ISBN) 9785923802207
Тираж 500
021 ## - НОМЕР ГОСУДАРСТВЕННОЙ РЕГИСТРАЦИИ
Код страны Российская Федерация
Номер 2016-73832
Номер Листа государственной регистраци 4783
035 ## - ДРУГИЕ СИСТЕМНЫЕ НОМЕРА
Идентификатор записи (NLR Aleph) 011238650
100 ## - ДАННЫЕ ОБЩЕЙ ОБРАБОТКИ
Данные общей обработки 20161012d2016 k y0rusy50 ca
101 0# - ЯЗЫК РЕСУРСА
Язык текста, звукозаписи и т.д. русский
102 ## - СТРАНА ПУБЛИКАЦИИ ИЛИ ПРОИЗВОДСТВА
Страна публикации Российская Федерация
105 ## - ПОЛЕ КОДИРОВАННЫХ ДАННЫХ: ТЕКСТОВЫЕ МАТЕРИАЛЫ, МОНОГРАФИЧЕСКИЕ
Кодированные данные о монографическом текстовом документе z 000zy
200 1# - ЗАГЛАВИЕ И СВЕДЕНИЯ ОБ ОТВЕТСТВЕННОСТИ
Основное заглавие Роль агрохимической службы в модернизации сельскохозяйственного производства и обеспечении продовольственной безопасности Российской Федерации
Первые сведения об ответственности Л.М. Державин, Р.А. Афанасьев, Г.Е. Мёрзлая
Последующие сведения об ответственности Рос. акад. наук, Федер. агентство науч. орг., ФГБНУ Всерос. науч.-исслед ин-т агрохимии им. Д.Н. Прянишникова
210 ## - ПУБЛИКАЦИЯ, РАСПРОСТРАНЕНИЕ И ДР.
Место издания, распространения и т.д. Москва
Имя издателя, распространителя и т. д. ВНИИА
Дата издания, распространения и т.д. 2016
215 ## - ФИЗИЧЕСКАЯ ХАРАКТЕРИСТИКА
Специфическое обозначение материала и объем 116 с.
Другие сведения о физической характеристике ил.
Размеры 20
320 ## - ПРИМЕЧАНИЯ О НАЛИЧИИ В ДОКУМЕНТЕ БИБЛИОГРАФИИ / УКАЗАТЕЛЯ
Текст примечания Библиогр.: с. 109 (11 назв.)
606 1# - НАИМЕНОВАНИЕ ТЕМЫ КАК ПРЕДМЕТ
Наименование темы Сельское хозяйство
Тематический подзаголовок Модернизация
-- Роль агрохимической службы
Географический подзаголовок Российская Федерация
Системный номер авторитетной/нормативной записи 2301766
Идентификатор авторитетной/нормативной записи RU\NLR\AUTH\6601604485
686 1# - ИНДЕКСЫ ДРУГИХ КЛАССИФИКАЦИЙ
Индекс П04(2Р)
700 #1 - ИМЯ ЛИЦА - ПЕРВИЧНАЯ ОТВЕТСТВЕННОСТЬ
Начальный элемент ввода Державин
Часть имени, кроме начального элемента ввода Л. М.
Расширение инициалов личного имени Леонид Михайлович
701 #1 - ИМЯ ЛИЦА - АЛЬТЕРНАТИВНАЯ ОТВЕТСТВЕННОСТЬ
Материалы, к которым относится поле rus
Графика поля Кириллица
Начальный элемент ввода Афанасьев
Часть имени, кроме начального элемента ввода Р. А.
Дополнения к именам, кроме дат д-р с.-х. наук
Расширение инициалов личного имени Рафаил Александрович
Идентификатор авторитетной/нормативной записи RU\NLR\AUTH\7716948
Системный номер авторитетной/нормативной записи 40
701 #1 - ИМЯ ЛИЦА - АЛЬТЕРНАТИВНАЯ ОТВЕТСТВЕННОСТЬ
Начальный элемент ввода Мёрзлая
Часть имени, кроме начального элемента ввода Г. Е.
Даты 1935-
Расширение инициалов личного имени Генриэта Егоровна
Системный номер авторитетной/нормативной записи 164886
Идентификатор авторитетной/нормативной записи RU\NLR\AUTH\770164930
942 ## - ДОПОЛНИТЕЛЬНЫЕ ЭЛЕМЕНТЫ ЗАПИСИ (АБИС)
Тип экземпляра АБИС Книга
980 ## - КОЛЛЕКЦИЯ
Название коллекции НБР

Нет доступных экземпляров.